00412 a2200145 450000100060000008200130000610000380001924500580005725000060011526000340012130000300015550000280018550500310021360000220024411442 a517. THO aThomas, Finney & George,B. Thomas aCalculus and analytic geomatry, 9th EdcFinney Thomas a9 aNYbAddison-Wesleyc1996/2007 axviii, 1282 p.borigional aBE textbooks H & S dept aCalculus,11 ed is on 79463 aGeorge, B. Thomas